Servei d'Informació Econòmica Municipal : resultats anuals, 1984 resultats anuals, 1984
Descripción Física:
v. ; 29 cm
MARC
| LEADER | 00000nam a2200000Ia 4500 | ||
|---|---|---|---|
| 001 | 9501, 13597, 13598, 13599, 13600, 13601 | ||
| 008 | 160829s9999 xx 000 0 cat d | ||
| 080 | |a M-1-179, M-4-4, M-4-5, M-4-6, M-4-7, M-4-8 | ||
| 110 | 1 | |a Barcelona (Catalunya : Província). |b Servei d'Informació Econòmica Municipal |9 52724 | |
| 245 | |a Servei d'Informació Econòmica Municipal : |b resultats anuals, 1984 | ||
| 260 | |a Barcelona : |b Diputació de Barcelona : |b CEP, Centre d'Estudis de Planificació, [1984?] | ||
| 300 | |a v. ; |c 29 cm | ||
| 650 | 0 | |a Finances municipals |z Barcelona (Província) |9 20808 | |
| 866 | |a Grup 1, 2, 3 (I i II), 4, 5 | ||
| 901 | |a Arxiu | ||
| 942 | |n 1 | ||
| 952 | |0 0 |1 0 |4 0 |6 M1179_M44_M45_M46_M47_M48 |7 1 |9 41687 |a Arxiu |b Arxiu |d 2016-12-01 |l 0 |o M-1-179, M-4-4, M-4-5, M-4-6, M-4-7, M-4-8 |p 9501, 13597, 13598, |r 2016-12-01 00:00:00 |w 2016-12-01 |y ARXIU | ||
| 999 | |c 43577 |d 43577 | ||